000 00436nam a2200181Ia 4500
005 20240913125728.0
008 240913s9999||||xx |||||||||||||| ||und||
041 _aENGLISH
082 _A658.848 N3
100 _aDebroy,Bibek
245 0 _aPepsi handbook of Indian Exports
250 _a1st
260 _c1993
_bGLobal,New Delhi
500 _aREFERENCE
650 _aExport
_bManagement Studies
942 _cREF
999 _c246146
_d246146